Endoscopie (Bronchoscopie, Laryngoscopie, Ogophagoscopie) et Chirurgie du larynx / (Record no. 83487)

MARC details
000 -LEADER
campo de control de longitud fija 00607nam a2200169 i 4500
001 - NÚMERO DE CONTROL
campo de control 83487
003 - IDENTIFICADOR DE NÚMERO DE CONTROL
campo de control ES-MaACL
005 - FECHA Y HORA DE LA ÚLTIMA TRANSACCIÓN
campo de control 20230906174833.0
007 - CAMPO FIJO DE DESCRIPCIÓN FÍSICA--INFORMACIÓN GENERAL
campo de control de longitud fija t|
008 - DATOS DE LONGITUD FIJA--INFORMACIÓN GENERAL
campo de control de longitud fija 041117s1923 fr ||||1| fre d
100 1# - ENTRADA PRINCIPAL--NOMBRE DE PERSONA
Nombre de persona Jackson, Chevalier.
9 (RLIN) 65805
245 10 - MENCIÓN DEL TÍTULO
Título Endoscopie (Bronchoscopie, Laryngoscopie, Ogophagoscopie) et Chirurgie du larynx /
Mención de responsabilidad, etc. par Chevalier Jackson ; ouvrage traduit sur l'edition americaine originale par le Dr. Menier.
260 ## - PUBLICACIÓN, DISTRIBUCIÓN, ETC.
Lugar de publicación, distribución, etc. Paris :
Nombre del editor, distribuidor, etc. [s.n.],
Fecha de publicación, distribución, etc. 1923 (
Fabricante Guillemont et de Lamothe)
300 ## - DESCRIPCIÓN FÍSICA
Extensión 742 p., 5 lám. ;
Dimensiones 25 cm.
700 1# - ENTRADA AGREGADA--NOMBRE PERSONAL
Nombre de persona Menier.
9 (RLIN) 80363
852 ## - LOCALIZACIÓN
Ubicación ES-MaACL
Número de control de estantería B-11323
Holdings
Estatus retirado Estado de pérdida Estado de daño No para préstamo Biblioteca de origen Biblioteca actual Ubicación en estantería Fecha de adquisición Fuente de adquisición Total de préstamos Signatura topográfica completa Código de barras Visto por última vez Precio de reemplazo Tipo de ítem Koha
        Biblioteca del Ateneo de Madrid Biblioteca del Ateneo de Madrid Sala Pardo Bazán 17/01/2008     B-11323 1087259 23/02/2023 23/02/2023 Libro impreso